Corporate governance in developing, transition and emerging-market economies

Gespeichert in:
Bibliographische Detailangaben
1. Verfasser: Oman, Charles P.
Körperschaft: OECD. Development Centre
Weitere Verfasser: Fries, Steven, Buiter, Willem
Format: Buch
Sprache:Englisch
Veröffentlicht: Paris OECD 2003
Schriftenreihe:Policy brief No. 23
Schlagworte:
Tags: Tag hinzufügen
Keine Tags, Fügen Sie das erste Tag hinzu!

MARC

LEADER 00000nam a2200000 4500
001 0024442
005 20221129094134.4
041 0 |a eng 
044 |a FR 
245 1 0 |a Corporate governance in developing, transition and emerging-market economies  |c by Charles P. Oman, Steven Fries and Willem Buiter 
264 1 |a Paris  |b OECD  |c 2003 
300 |a 49 s. 
490 1 |a Policy brief  |v No. 23 
830 0 |a Policy brief  |v No. 23 
610 2 0 |a správa podniku 
610 2 0 |a krajiny rozvojové 
610 2 0 |a krajiny tranzitívne 
610 2 0 |a investície 
610 2 0 |a financie 
610 2 0 |a porovnanie medzinárodné 
610 2 0 |a OECD 
100 1 |a Oman, Charles P. 
700 1 |a Fries, Steven 
700 1 |a Buiter, Willem 
710 2 |a OECD. Development Centre